000 00776nam a2200205Ia 4500
001 12483
003 GE_BSU
008 181216s||||||||xx |||||||||||||| ||und||
040 _cGE_BSU
080 _a635.9.054(479.22)
100 _aГоголишвили,М.А. Лория,М.А.
245 _aИнтродуцированные деревья и кустарники,культивируемые в садах и парках Грузии
245 _cРед.Н.К.Ратиани
260 _aТбилиси
260 _bМецниереба
260 _c1989
300 _a248стр.22см.
653 _aИнтродуцированные деревья и кустарники,культивируемые в садах и парках Грузии
942 _cBK
999 _c45657
_d45657